[Event "American Continental 4th"]
[Site "Cali"]
[Date "2007.07.20"]
[Round "11"]
[White "Gulko, Boris F"]
[Black "Mekhitarian, Krikor Sevag"]
[Result "1-0"]
[WhiteElo "2576"]
[BlackElo "2420"]
[PlyCount "77"]
[EventDate "2007.07.10"]
[EventType "swiss"]
[EventRounds "11"]
[EventCountry "COL"]
[SourceTitle "CBM 119 Extra"]
[Source "ChessBase"]
[SourceDate "2007.09.04"]
[SourceVersion "1"]
[SourceVersionDate "2007.09.04"]
[SourceQuality "1"]

1. c4 c5 2. Nf3 Nc6 3. d4 cxd4 4. Nxd4 Nf6 5. g3 Qb6 6. Nb5 a6 7. N5c3 Ne5 8.
b3 Qc6 9. Rg1 e6 10. Bg2 Qc7 11. Bb2 Be7 12. Nd2 O-O 13. Rc1 d6 14. h3 Rb8 15.
f4 Ng6 16. e3 b6 17. Qe2 Bb7 18. g4 Bxg2 19. Qxg2 Nd7 20. g5 f5 21. gxf6 Nxf6
22. Nf3 Qd7 23. Nh4 b5 24. Nxg6 hxg6 25. Qxg6 Rf7 26. Ne4 Nxe4 27. Qxe4 bxc4
28. Qxc4 d5 29. Qc6 Bb4+ 30. Ke2 Qe7 31. Rg6 Qd7 32. Rxe6 a5 33. Be5 Qxc6 34.
Rexc6 Rbb7 35. Rc7 Rbxc7 36. Rxc7 Rxc7 37. Bxc7 Kf7 38. Be5 g6 39. Kd3 1-0

[Event "Cuiaba op"]
[Site "Cuiaba"]
[Date "2007.10.05"]
[Round "2"]
[White "Mekhitarian, Krikor Sevag"]
[Black "Costa, Silvio Iram Melo Jr"]
[Result "1-0"]
[WhiteElo "2428"]
[BlackElo "2056"]
[PlyCount "71"]
[EventDate "2007.10.04"]
[EventType "swiss"]
[EventRounds "6"]
[EventCountry "BRA"]
[SourceTitle "EXT 2008"]
[Source "ChessBase"]
[SourceDate "2007.11.25"]
[SourceVersion "1"]
[SourceVersionDate "2007.11.25"]
[SourceQuality "1"]

1. d4 d5 2. c4 c6 3. Nc3 Nf6 4. Nf3 e6 5. Bg5 h6 6. Bh4 Nbd7 7. e3 Bd6 8. Qc2
O-O 9. a3 b6 10. Bd3 dxc4 11. Bxc4 Bb7 12. Rd1 Qc7 13. O-O a6 14. e4 e5 15.
dxe5 Nxe5 16. Nxe5 Bxe5 17. f4 Bxf4 18. Bxf6 gxf6 19. e5 Qxe5 20. Kh1 Kh8 21.
Rde1 Qg5 22. Ne4 Qh5 23. g3 Bxg3 24. Nxg3 c5+ 25. Kg1 Rg8 26. Re3 Rae8 27. Rxe8
Rxe8 28. Qc3 Re5 29. Be2 Qg5 30. Qc1 Re3 31. Kf2 Qf4+ 32. Ke1 Qe5 33. Qd2 Bf3
34. Rxf3 Rxf3 35. Qxh6+ Kg8 36. Nh5 1-0

[Event "Cuiaba op"]
[Site "Cuiaba"]
[Date "2007.10.06"]
[Round "3"]
[White "Barreto Filho, Carlos Alberto"]
[Black "Mekhitarian, Krikor Sevag"]
[Result "0-1"]
[WhiteElo "2295"]
[BlackElo "2428"]
[PlyCount "60"]
[EventDate "2007.10.04"]
[EventType "swiss"]
[EventRounds "6"]
[EventCountry "BRA"]
[SourceTitle "EXT 2008"]
[Source "ChessBase"]
[SourceDate "2007.11.25"]
[SourceVersion "1"]
[SourceVersionDate "2007.11.25"]
[SourceQuality "1"]

1. e4 c5 2. Nf3 e6 3. d4 cxd4 4. Nxd4 Nc6 5. Nc3 a6 6. g3 d6 7. Bg2 Bd7 8. O-O
Nf6 9. h3 Be7 10. g4 O-O 11. Nde2 b5 12. a3 Rc8 13. Ng3 b4 14. axb4 Nxb4 15.
Be3 Be8 16. f4 Nd7 17. Rf2 Nb6 18. Na2 Nc4 19. Bc1 Qa5 20. b3 Bf6 21. e5 Bh4
22. bxc4 Nxa2 23. Rf3 Qc5+ 24. Be3 Qxc4 25. Bf1 Qa4 26. f5 Bc6 27. Rf4 Qa3 28.
Qe1 dxe5 29. Rc4 Bd5 30. Rxc8 Rxc8 0-1

[Event "Cuiaba op"]
[Site "Cuiaba"]
[Date "2007.10.06"]
[Round "4"]
[White "Mekhitarian, Krikor Sevag"]
[Black "Dolezal, Cristian"]
[Result "1-0"]
[WhiteElo "2428"]
[BlackElo "2424"]
[PlyCount "87"]
[EventDate "2007.10.04"]
[EventType "swiss"]
[EventRounds "6"]
[EventCountry "BRA"]
[SourceTitle "EXT 2008"]
[Source "ChessBase"]
[SourceDate "2007.11.25"]
[SourceVersion "1"]
[SourceVersionDate "2007.11.25"]
[SourceQuality "1"]

1. d4 g6 2. c4 Bg7 3. Nf3 d6 4. e4 Bg4 5. Be2 c6 6. Nc3 Qb6 7. Be3 Bxf3 8. gxf3
Nd7 9. Qd2 a5 10. f4 a4 11. Rb1 Qa5 12. b4 axb3 13. Rxb3 Qc7 14. O-O f5 15. e5
Nh6 16. Rfb1 Rb8 17. Qb2 dxe5 18. dxe5 Nxe5 19. fxe5 Qxe5 20. Na4 Qxb2 21. Nxb2
Nf7 22. Nd3 Nd8 23. Nc5 Ra8 24. Nxb7 Rxa2 25. Bf3 Rc2 26. Nxd8 Kxd8 27. c5 Be5
28. Bxc6 f4 29. Be4 Rc4 30. Bd3 Ra4 31. Bb5 Ra8 32. Rd3+ Kc8 33. Rd5 fxe3 34.
Rxe5 exf2+ 35. Kxf2 Rf8+ 36. Kg2 Ra2+ 37. Re2 Rxe2+ 38. Bxe2 Kc7 39. Bf3 Rf5
40. Rb7+ Kc8 41. c6 Re5 42. Bg4+ e6 43. Re7 Kd8 44. c7+ 1-0

[Event "BRA-ch 74th"]
[Site "Rio de Janeiro"]
[Date "2007.12.14"]
[Round "1"]
[White "Mekhitarian, Krikor Sevag"]
[Black "Milos, Gilberto"]
[Result "1/2-1/2"]
[WhiteElo "2428"]
[BlackElo "2592"]
[PlyCount "85"]
[EventDate "2007.12.14"]
[EventType "tourn"]
[EventRounds "11"]
[EventCountry "BRA"]
[EventCategory "8"]
[SourceTitle "CBM 121 Extra"]
[Source "ChessBase"]
[SourceDate "2008.01.10"]
[SourceVersion "1"]
[SourceVersionDate "2008.01.10"]
[SourceQuality "1"]

1. e4 c5 2. Nf3 Nc6 3. d4 cxd4 4. Nxd4 Nf6 5. Nc3 d6 6. Bg5 e6 7. Qd2 Qb6 8.
Bxf6 gxf6 9. Nb3 Bd7 10. O-O-O O-O-O 11. f4 Na5 12. Be2 h5 13. Rhf1 Be7 14. Rf3
Rdg8 15. Bf1 Nxb3+ 16. axb3 Kb8 17. Kb1 Bc6 18. f5 Qc5 19. Re3 Bf8 20. Qf2 exf5
21. b4 Qb6 22. Nd5 Bxd5 23. exd5 Bh6 24. Rf3 Qxf2 25. Rxf2 f4 26. Re1 Re8 27.
Rxe8+ Rxe8 28. Re2 Re5 29. Rxe5 fxe5 30. h4 f3 31. gxf3 Kc7 32. c4 b6 33. Kc2
Kd7 34. Kd3 Ke7 35. Ke4 Bd2 36. c5 Bxb4 37. c6 Be1 38. f4 exf4 39. Be2 Bxh4 40.
Bxh5 Bf6 41. b3 Be5 42. Bxf7 a5 43. Bh5 1/2-1/2

[Event "BRA-ch 74th"]
[Site "Rio de Janeiro"]
[Date "2007.12.19"]
[Round "8"]
[White "Mekhitarian, Krikor Sevag"]
[Black "Molina, Roberto Junio Brito"]
[Result "1-0"]
[WhiteElo "2428"]
[BlackElo "2322"]
[PlyCount "77"]
[EventDate "2007.12.14"]
[EventType "tourn"]
[EventRounds "11"]
[EventCountry "BRA"]
[EventCategory "8"]
[SourceTitle "CBM 121 Extra"]
[Source "ChessBase"]
[SourceDate "2008.01.10"]
[SourceVersion "1"]
[SourceVersionDate "2008.01.10"]
[SourceQuality "1"]

1. e4 c6 2. d4 d5 3. e5 Bf5 4. Nc3 e6 5. g4 Bg6 6. Nge2 f6 7. h4 fxe5 8. h5 Bf7
9. dxe5 Nd7 10. f4 Qb6 11. Nd4 c5 12. Nf3 Ne7 13. Kf2 Nc6 14. Kg3 O-O-O 15. b3
h6 16. Nh4 Be7 17. Ng6 Bxg6 18. hxg6 Rhf8 19. Bg2 Ndxe5 20. fxe5 Nxe5 21. Qe2
Nxg6 22. Bd2 Qc7+ 23. Kh3 Bh4 24. Qd3 Ne5 25. Nb5 Qe7 26. Qe2 Ng6 27. Raf1 a6
28. Nc3 Bf6 29. Qe1 Bh4 30. Qe2 Bg5 31. Be1 Nf4+ 32. Rxf4 Rxf4 33. Bg3 Rf7 34.
Re1 Kd7 35. Na4 Re8 36. Qe5 Kc6 37. c4 Qd7 38. cxd5+ exd5 39. Qxe8 1-0

[Event "World University-ch 10th"]
[Site "Novokuznetsk"]
[Date "2008.03.04"]
[Round "1"]
[White "Otte, Marijn Willem"]
[Black "Mekhitarian, Krikor Sevag"]
[Result "0-1"]
[WhiteElo "2192"]
[BlackElo "2456"]
[PlyCount "90"]
[EventDate "2008.03.04"]
[EventType "team"]
[EventRounds "9"]
[EventCountry "RUS"]
[SourceTitle "CBM 123 Extra"]
[Source "ChessBase"]
[SourceDate "2008.05.06"]
[SourceVersion "1"]
[SourceVersionDate "2008.05.06"]
[SourceQuality "1"]

1. e4 e6 2. d4 d5 3. Nd2 Nf6 4. e5 Nfd7 5. c3 c5 6. Bd3 Nc6 7. Ngf3 h6 8. O-O
g5 9. dxc5 Bxc5 10. Nb3 Bf8 11. Re1 Bg7 12. Bb5 a6 13. Bxc6 bxc6 14. Be3 g4 15.
Nfd2 Nxe5 16. Bd4 Qg5 17. c4 Nd3 18. Re3 Nxb2 19. Qc2 Nxc4 20. Nxc4 dxc4 21. h4
Qg6 22. Qxg6 fxg6 23. Bxg7 Rh7 24. Na5 Rxg7 25. Nxc4 Rb8 26. Rd1 Bd7 27. Ra3
Bc8 28. Ne5 Rb5 29. Nxc6 Rd7 30. Rxd7 Kxd7 31. Nd4 Rb1+ 32. Kh2 Bb7 33. Kg3 Rg1
34. f3 Rd1 35. Ne2 gxf3 36. gxf3 e5 37. Rb3 Kc7 38. Rc3+ Kd6 39. Rb3 Bc6 40.
Ra3 Rd2 41. Nc1 Bb5 42. Rc3 Bf1 43. f4 e4 44. h5 Rg2+ 45. Kh4 g5+ 0-1

[Event "World University-ch 10th"]
[Site "Novokuznetsk"]
[Date "2008.03.05"]
[Round "2"]
[White "Mekhitarian, Krikor Sevag"]
[Black "Smirnov, Pavel"]
[Result "0-1"]
[WhiteElo "2456"]
[BlackElo "2599"]
[PlyCount "138"]
[EventDate "2008.03.04"]
[EventType "team"]
[EventRounds "9"]
[EventCountry "RUS"]
[SourceTitle "CBM 123 Extra"]
[Source "ChessBase"]
[SourceDate "2008.05.06"]
[SourceVersion "1"]
[SourceVersionDate "2008.05.06"]
[SourceQuality "1"]

1. e4 c5 2. Nf3 d6 3. d4 cxd4 4. Nxd4 Nf6 5. Nc3 a6 6. Be3 e6 7. g4 e5 8. Nf5
h5 9. g5 Nxe4 10. Nxg7+ Bxg7 11. Nxe4 d5 12. Ng3 d4 13. Bd2 Nc6 14. h4 Qd5 15.
f3 Be6 16. Bd3 O-O-O 17. Qe2 Kb8 18. b3 Ne7 19. O-O-O Rc8 20. Kb1 Qc6 21. Ne4
Ka8 22. Nf6 Ng6 23. Rc1 Bxf6 24. Be4 Bd5 25. Bxd5 Qxd5 26. gxf6 Qd6 27. Bg5 Rc3
28. Rhd1 Rhc8 29. Kb2 R8c5 30. a3 Qc6 31. Rd3 Rxd3 32. cxd3 Rxc1 33. Bxc1 Qxf6
34. Bg5 Qc6 35. Bd2 Qd5 36. Bg5 Qe6 37. Qe4 f5 38. Qe2 Qc6 39. a4 b6 40. Bd2
Kb7 41. Qg2 Qf6 42. Bg5 Qe6 43. Bd2 Nxh4 44. Qg7+ Kc6 45. Qh8 Ng6 46. Qxh5 a5
47. Qh6 Kd7 48. Qh7+ Ke8 49. Bg5 Qf7 50. Qh2 Kd7 51. Qh5 Ke6 52. Bd8 Nf4 53.
Qxf7+ Kxf7 54. Bxb6 Nxd3+ 55. Kb1 Ke6 56. Bxa5 Kd5 57. Kc2 e4 58. fxe4+ fxe4
59. Bd2 Nc5 60. Bb4 d3+ 61. Kc3 e3 62. Bxc5 d2 63. Kc2 Kxc5 64. a5 Kc6 65. b4
Kb5 66. Kd1 Kxb4 67. a6 Kc3 68. a7 Kd3 69. a8=Q e2# 0-1

[Event "World University-ch 10th"]
[Site "Novokuznetsk"]
[Date "2008.03.06"]
[Round "4"]
[White "Mekhitarian, Krikor Sevag"]
[Black "Bilegt, Batkhorol"]
[Result "1/2-1/2"]
[WhiteElo "2456"]
[BlackElo "2211"]
[PlyCount "110"]
[EventDate "2008.03.04"]
[EventType "team"]
[EventRounds "9"]
[EventCountry "RUS"]
[SourceTitle "CBM 123 Extra"]
[Source "ChessBase"]
[SourceDate "2008.05.06"]
[SourceVersion "1"]
[SourceVersionDate "2008.05.06"]
[SourceQuality "1"]

1. e4 c5 2. Nf3 e6 3. d4 cxd4 4. Nxd4 Nf6 5. Nc3 d6 6. g4 Nc6 7. g5 Nd7 8. Be3
Nde5 9. f4 Nxd4 10. Bxd4 Ng6 11. Be3 h6 12. Qd2 hxg5 13. fxg5 Bd7 14. O-O-O Bc6
15. Qf2 Qa5 16. h4 Ne5 17. Be2 b5 18. a3 b4 19. axb4 Qxb4 20. Rhf1 Rb8 21. Bd4
Rb7 22. Ba6 Rc7 23. Qe1 Qb8 24. Qg3 Ng6 25. Rh1 e5 26. Be3 Qb4 27. h5 Bxe4 28.
Nxe4 Qxe4 29. Bb5+ Kd8 30. Bd3 Qc6 31. Rh2 e4 32. hxg6 Rxh2 33. Qxh2 exd3 34.
Rxd3 fxg6 35. Bf4 Kd7 36. c3 Qc5 37. Qh3+ Qf5 38. Qf3 Rc6 39. Rd5 Qe6 40. Ra5
a6 41. Qd3 Qc4 42. Qf3 Be7 43. Be3 Qe6 44. Bd2 Kc7 45. Be3 Kd7 46. Kc2 Bd8 47.
Rd5 Rc4 48. Rd4 Rxd4 49. Qb7+ Bc7 50. Bxd4 Qe2+ 51. Kb1 Qd1+ 52. Ka2 Qa4+ 53.
Kb1 Qd1+ 54. Ka2 Qa4+ 55. Kb1 Qd1+ 1/2-1/2

[Event "World University-ch 10th"]
[Site "Novokuznetsk"]
[Date "2008.03.07"]
[Round "6"]
[White "Mekhitarian, Krikor Sevag"]
[Black "Pokazanjev, Nikolai"]
[Result "1/2-1/2"]
[WhiteElo "2456"]
[BlackElo "2405"]
[PlyCount "198"]
[EventDate "2008.03.04"]
[EventType "team"]
[EventRounds "9"]
[EventCountry "RUS"]
[SourceTitle "CBM 123 Extra"]
[Source "ChessBase"]
[SourceDate "2008.05.06"]
[SourceVersion "1"]
[SourceVersionDate "2008.05.06"]
[SourceQuality "1"]

1. e4 e5 2. Nf3 Nc6 3. Bb5 a6 4. Ba4 Nf6 5. O-O Be7 6. Re1 b5 7. Bb3 d6 8. c3
O-O 9. h3 Nb8 10. d4 Nbd7 11. Nbd2 Bb7 12. Bc2 c5 13. d5 c4 14. b4 cxb3 15.
axb3 Qc7 16. Bb2 Nb6 17. b4 Bc8 18. Kh2 g6 19. Bb3 Bd7 20. Rc1 Nh5 21. c4 bxc4
22. Nxc4 Nxc4 23. Rxc4 Qb6 24. Qd2 Bb5 25. Rc2 Nf4 26. Re3 Rac8 27. g3 Nh5 28.
Rec3 Rb8 29. Kg2 Nf6 30. Qe1 Bd7 31. Ba3 a5 32. bxa5 Qxa5 33. Bc4 Rfe8 34. Bd3
Qa4 35. Nd2 Rec8 36. Nc4 Bb5 37. Nb6 Rxc3 38. Nxa4 Rxd3 39. Nc3 Bc4 40. Bb2 Bd8
41. Rd2 Ba5 42. Rxd3 Bxd3 43. Qa1 Bxc3 44. Bxc3 Bxe4+ 45. f3 Bxd5 46. Qa6 Ne8
47. Qa5 Bc6 48. Qa6 Bd5 49. Kf2 Rb3 50. Qc8 Kf8 51. f4 exf4 52. gxf4 Be6 53.
Qc6 Bd5 54. Qxd5 Rxc3 55. h4 Rc5 56. Qd4 h5 57. Kf3 Rf5 58. Kg3 Ng7 59. Qxd6+
Kg8 60. Qd8+ Kh7 61. Qb6 Ne6 62. Qd6 Rxf4 63. Kh3 Rg4 64. Qe7 Kg7 65. Kh2 Nd4
66. Qe5+ Kh7 67. Qe7 Rxh4+ 68. Kg2 Rg4+ 69. Kh3 Rf4 70. Qd6 Ne6 71. Qe7 Kg7 72.
Kg3 Rg4+ 73. Kh2 Ng5 74. Qe5+ Kh7 75. Qf6 h4 76. Kh1 Rg3 77. Qf4 Kg7 78. Qd4+
f6 79. Qd7+ Nf7 80. Kh2 g5 81. Kh1 Re3 82. Qa7 Re5 83. Qb8 f5 84. Qc7 g4 85.
Qc3 h3 86. Kg1 Kf6 87. Qc6+ Re6 88. Qc7 Rd6 89. Kh2 Rd2+ 90. Kh1 Kg6 91. Qb8
Nd6 92. Qg8+ Kf6 93. Qh8+ Ke7 94. Qh7+ Ke8 95. Qg8+ Kd7 96. Qg7+ Ke8 97. Qg8+
Kd7 98. Qg7+ Ke8 99. Qg8+ Kd7 1/2-1/2

[Event "World University-ch 10th"]
[Site "Novokuznetsk"]
[Date "2008.03.09"]
[Round "7"]
[White "Kuderinov, Kirill"]
[Black "Mekhitarian, Krikor Sevag"]
[Result "1-0"]
[WhiteElo "2416"]
[BlackElo "2456"]
[PlyCount "117"]
[EventDate "2008.03.04"]
[EventType "team"]
[EventRounds "9"]
[EventCountry "RUS"]
[SourceTitle "CBM 123 Extra"]
[Source "ChessBase"]
[SourceDate "2008.05.06"]
[SourceVersion "1"]
[SourceVersionDate "2008.05.06"]
[SourceQuality "1"]

1. e4 e6 2. Qe2 Be7 3. Nf3 d5 4. e5 c5 5. g3 Nc6 6. Bg2 f6 7. O-O fxe5 8. Nxe5
Nxe5 9. Qxe5 Bf6 10. Qh5+ g6 11. Qf3 Nh6 12. d4 Nf5 13. dxc5 O-O 14. c3 Qc7 15.
Be3 Be7 16. Bf4 Qxc5 17. Nd2 Bd7 18. Rfe1 Rf7 19. Qe2 g5 20. Nb3 Qb6 21. Be5
Raf8 22. Kh1 h6 23. f3 Bd6 24. Bxd6 Qxd6 25. Nd4 Re7 26. Rad1 e5 27. Nxf5 Bxf5
28. f4 e4 29. fxg5 hxg5 30. Qe3 g4 31. c4 Qb6 32. Qxb6 axb6 33. cxd5 Re5 34.
Kg1 Kf7 35. a3 Rd8 36. Kf2 Ke7 37. Bxe4 Bxe4 38. Rd4 Rh8 39. Rdxe4 Rxe4 40.
Rxe4+ Kd6 41. Kg2 Rg8 42. Rb4 Kc5 43. d6 Kxd6 44. Rxb6+ Kc7 45. Rb4 Kc6 46. h3
gxh3+ 47. Kxh3 Rh8+ 48. Kg2 b5 49. g4 Rg8 50. Kg3 Kc5 51. Kf4 Rf8+ 52. Ke5 Rg8
53. Kf6 Kd6 54. g5 Rf8+ 55. Kg7 Rf5 56. g6 Ke7 57. Re4+ Kd7 58. Kh6 Rf6 59. Kg5
1-0

[Event "World University-ch 10th"]
[Site "Novokuznetsk"]
[Date "2008.03.09"]
[Round "8"]
[White "Mekhitarian, Krikor Sevag"]
[Black "Noroozi, Omid"]
[Result "1-0"]
[WhiteElo "2456"]
[BlackElo "2222"]
[PlyCount "37"]
[EventDate "2008.03.04"]
[EventType "team"]
[EventRounds "9"]
[EventCountry "RUS"]
[SourceTitle "CBM 123 Extra"]
[Source "ChessBase"]
[SourceDate "2008.05.06"]
[SourceVersion "1"]
[SourceVersionDate "2008.05.06"]
[SourceQuality "1"]

1. e4 c5 2. Nf3 d6 3. d4 cxd4 4. Nxd4 Nf6 5. Nc3 a6 6. Be3 e5 7. Nb3 Be7 8. Qd2
Be6 9. f4 Qc7 10. O-O-O O-O 11. f5 Bc4 12. g4 Nxg4 13. Rg1 Nxe3 14. Qxe3 f6 15.
Bxc4+ Qxc4 16. Nd5 Bd8 17. Rg4 Rf7 18. Rdg1 Kh8 19. Qg3 1-0

[Event "World University-ch 10th"]
[Site "Novokuznetsk"]
[Date "2008.03.10"]
[Round "9"]
[White "Mekhitarian, Krikor Sevag"]
[Black "Gundavaa, Bayarsaihan"]
[Result "1/2-1/2"]
[WhiteElo "2456"]
[BlackElo "2320"]
[PlyCount "71"]
[EventDate "2008.03.04"]
[EventType "team"]
[EventRounds "9"]
[EventCountry "RUS"]
[SourceTitle "CBM 123 Extra"]
[Source "ChessBase"]
[SourceDate "2008.05.06"]
[SourceVersion "1"]
[SourceVersionDate "2008.05.06"]
[SourceQuality "1"]

1. e4 c5 2. Nf3 d6 3. d4 cxd4 4. Nxd4 Nf6 5. Nc3 a6 6. Be3 e6 7. g4 e5 8. Nf5
h5 9. g5 Nxe4 10. Nxg7+ Bxg7 11. Nxe4 d5 12. Ng3 Bg4 13. Be2 d4 14. Bxg4 hxg4
15. Bd2 Qd7 16. Qe2 Qe6 17. Qe4 Nc6 18. b3 O-O-O 19. O-O-O Ne7 20. f3 gxf3 21.
h4 f5 22. gxf6 Qxf6 23. Rdf1 Rdf8 24. Bg5 Bh6 25. Qg4+ Kb8 26. Kb1 Qg6 27. Rxf3
Rxf3 28. Qxf3 Bxg5 29. hxg5 Rxh1+ 30. Qxh1 Qxg5 31. Ne4 Qf5 32. Nd6 Qd7 33.
Qh8+ Kc7 34. Nc4 Nc6 35. Nxe5 Qe7 36. Nxc6 1/2-1/2

[Event "Villa Martelli Fischer Memorial"]
[Site "Villa Martelli"]
[Date "2008.03.11"]
[Round "1"]
[White "Coelho, Luis Henrique"]
[Black "Mekhitarian, Krikor Sevag"]
[Result "1/2-1/2"]
[WhiteElo "2392"]
[BlackElo "2456"]
[PlyCount "222"]
[EventDate "2008.03.11"]
[EventType "tourn"]
[EventRounds "9"]
[EventCountry "ARG"]
[EventCategory "9"]
[SourceTitle "CBM 123 Extra"]
[Source "ChessBase"]
[SourceDate "2008.05.06"]
[SourceVersion "1"]
[SourceVersionDate "2008.05.06"]
[SourceQuality "1"]

1. d4 Nf6 2. c4 g6 3. Nc3 d5 4. Nf3 Bg7 5. Qb3 dxc4 6. Qxc4 O-O 7. Bf4 c6 8. e4
b5 9. Qb3 Qa5 10. Bd3 Be6 11. Qd1 Rd8 12. O-O b4 13. Na4 Bg4 14. Nc5 Qb6 15.
Be3 Nbd7 16. h3 Bxf3 17. Qxf3 Nxc5 18. dxc5 Qa5 19. Bc4 e6 20. Rac1 Nd7 21. Qe2
Bf8 22. f4 Bxc5 23. f5 Bxe3+ 24. Qxe3 Qe5 25. fxe6 fxe6 26. Bb3 c5 27. Qf4 Qxf4
28. Bxe6+ Kg7 29. Rxf4 Rf8 30. Rff1 Rxf1+ 31. Kxf1 Nf8 32. Bd5 Rc8 33. Ke2 Rc7
34. Rf1 c4 35. Rc1 Nd7 36. Bxc4 Kf6 37. Rf1+ Ke5 38. Rf7 Rxc4 39. Rxd7 Rc2+ 40.
Kf3 Rxb2 41. Rxa7 h5 42. h4 b3 43. Ra5+ Kf6 44. Ra6+ Ke5 45. Ra5+ Kf6 46. axb3
Rxb3+ 47. Kf4 Rb4 48. Ra6+ Kf7 49. Kg5 Rb2 50. g3 Rb3 51. Rf6+ Ke7 52. Rxg6
Rxg3+ 53. Kxh5 Re3 54. Rg4 Kf6 55. Rf4+ Ke7 56. Kg5 Rg3+ 57. Rg4 Ra3 58. Kf5
Kf7 59. Rf4 Ra6 60. h5 Kg7 61. Rg4+ Kf7 62. Rg6 Ra1 63. Rb6 Rf1+ 64. Ke5 Rh1
65. h6 Rh5+ 66. Kd4 Rh1 67. Kd5 Rd1+ 68. Ke5 Rh1 69. Rb7+ Kg8 70. Rg7+ Kh8 71.
Rg6 Kh7 72. Rd6 Kg8 73. Kf5 Kf7 74. Rd7+ Kg8 75. Rd8+ Kh7 76. Rd7+ Kg8 77. e5
Rxh6 78. Rd6 Rh1 79. Ke6 Re1 80. Rd7 Kf8 81. Rd8+ Kg7 82. Ra8 Re2 83. Ra7+ Kf8
84. Rf7+ Ke8 85. Rh7 Kf8 86. Rh8+ Kg7 87. Rc8 Re1 88. Kd6 Kf7 89. Rc7+ Ke8 90.
Re7+ Kd8 91. Rd7+ Ke8 92. Re7+ Kd8 93. Rh7 Ke8 94. Ke6 Kf8 95. Rh8+ Kg7 96. Rd8
Re2 97. Re8 Ra2 98. Re7+ Kf8 99. Rf7+ Ke8 100. Rd7 Ra6+ 101. Rd6 Ra7 102. Rb6
Re7+ 103. Kf6 Rf7+ 104. Kg6 Rf1 105. Rb7 Rf2 106. Rh7 Rf1 107. Rb7 Rf2 108. Kg5
Rf1 109. Rb6 Ke7 110. Rf6 Rxf6 111. exf6+ Kf7 1/2-1/2

[Event "Villa Martelli Fischer Memorial"]
[Site "Villa Martelli"]
[Date "2008.03.12"]
[Round "2"]
[White "Mekhitarian, Krikor Sevag"]
[Black "Flores, Diego"]
[Result "1-0"]
[WhiteElo "2456"]
[BlackElo "2558"]
[PlyCount "71"]
[EventDate "2008.03.11"]
[EventType "tourn"]
[EventRounds "9"]
[EventCountry "ARG"]
[EventCategory "9"]
[SourceTitle "CBM 123 Extra"]
[Source "ChessBase"]
[SourceDate "2008.05.06"]
[SourceVersion "1"]
[SourceVersionDate "2008.05.06"]
[SourceQuality "1"]

1. e4 c5 2. Nf3 e6 3. d4 cxd4 4. Nxd4 a6 5. Bd3 Qc7 6. O-O Nf6 7. Qe2 d6 8. c4
g6 9. Nc3 Bg7 10. Rd1 O-O 11. Nf3 Nc6 12. Bf4 Nd7 13. Rac1 Nce5 14. b3 b6 15.
Bb1 Re8 16. Nxe5 Nxe5 17. Qd2 Bf8 18. Na4 Rb8 19. Qd4 f6 20. h3 Be7 21. Be3 Nd7
22. Qd2 Bb7 23. f4 Nc5 24. Nc3 f5 25. exf5 gxf5 26. Bd4 Kf7 27. Qe2 Rg8 28.
Qh5+ Kf8 29. Rd2 Qc6 30. Nd5 exd5 31. Qxf5+ Ke8 32. Re1 Qd7 33. Qxh7 Kf8 34.
Bf5 Qd8 35. Bg6 Rxg6 36. Qxg6 1-0

[Event "Villa Martelli Fischer Memorial"]
[Site "Villa Martelli"]
[Date "2008.03.13"]
[Round "3"]
[White "Claverie, Raul Ricardo"]
[Black "Mekhitarian, Krikor Sevag"]
[Result "1/2-1/2"]
[WhiteElo "2394"]
[BlackElo "2456"]
[PlyCount "54"]
[EventDate "2008.03.11"]
[EventType "tourn"]
[EventRounds "9"]
[EventCountry "ARG"]
[EventCategory "9"]
[SourceTitle "CBM 123 Extra"]
[Source "ChessBase"]
[SourceDate "2008.05.06"]
[SourceVersion "1"]
[SourceVersionDate "2008.05.06"]
[SourceQuality "1"]

1. e4 e6 2. d3 d5 3. Qe2 Be7 4. Nf3 Nf6 5. Nbd2 b5 6. g3 dxe4 7. Nxe4 Bb7 8.
Bg2 Nxe4 9. dxe4 b4 10. Qb5+ Bc6 11. Qc4 O-O 12. Bf4 Bb7 13. Rd1 Qc8 14. Qxc7
Qxc7 15. Bxc7 Bxe4 16. Bd6 Bxd6 17. Rxd6 Nc6 18. Nh4 Bxg2 19. Nxg2 Rac8 20. Ne3
e5 21. Nd5 Rfe8 22. c4 bxc3 23. Nxc3 Kf8 24. Kd2 Ke7 25. Rd3 Red8 26. Rc1 Rxd3+
27. Kxd3 Nb4+ 1/2-1/2

[Event "Villa Martelli Fischer Memorial"]
[Site "Villa Martelli"]
[Date "2008.03.14"]
[Round "4"]
[White "Mekhitarian, Krikor Sevag"]
[Black "Rodriguez Vila, Andres"]
[Result "1/2-1/2"]
[WhiteElo "2456"]
[BlackElo "2566"]
[PlyCount "95"]
[EventDate "2008.03.11"]
[EventType "tourn"]
[EventRounds "9"]
[EventCountry "ARG"]
[EventCategory "9"]
[SourceTitle "CBM 123 Extra"]
[Source "ChessBase"]
[SourceDate "2008.05.06"]
[SourceVersion "1"]
[SourceVersionDate "2008.05.06"]
[SourceQuality "1"]

1. e4 d6 2. d4 g6 3. Nc3 c6 4. Be3 Nf6 5. h3 b5 6. Bd3 Nbd7 7. Nf3 Qc7 8. O-O
Bg7 9. Re1 b4 10. Ne2 O-O 11. Ng3 e5 12. dxe5 dxe5 13. a3 c5 14. Qe2 a5 15. Nd2
Bb7 16. f3 Nb6 17. Nc4 Nfd7 18. Nf1 Nxc4 19. Bxc4 Nb6 20. Bb5 Nc8 21. c3 bxa3
22. Rxa3 Nd6 23. Bc4 Kh8 24. Rd1 f5 25. exf5 gxf5 26. Bd5 Ba6 27. c4 Rab8 28.
b3 f4 29. Bd2 Bc8 30. Bxa5 Qe7 31. Bc3 Nf5 32. Rda1 Bd7 33. Be4 Nd4 34. Bxd4
exd4 35. Re1 Qg5 36. Kh1 Qh4 37. Ra7 Rfd8 38. Nd2 d3 39. Bxd3 Bxh3 40. gxh3
Qxh3+ 41. Qh2 Qxh2+ 42. Kxh2 Rxd3 43. Ne4 Rdxb3 44. Ng5 h6 45. Ree7 hxg5 46.
Rxg7 Rxf3 47. Rh7+ Kg8 48. Rhg7+ 1/2-1/2

[Event "Villa Martelli Fischer Memorial"]
[Site "Villa Martelli"]
[Date "2008.03.15"]
[Round "5"]
[White "Lemos, Damian"]
[Black "Mekhitarian, Krikor Sevag"]
[Result "1/2-1/2"]
[WhiteElo "2460"]
[BlackElo "2456"]
[PlyCount "46"]
[EventDate "2008.03.11"]
[EventType "tourn"]
[EventRounds "9"]
[EventCountry "ARG"]
[EventCategory "9"]
[SourceTitle "CBM 123 Extra"]
[Source "ChessBase"]
[SourceDate "2008.05.06"]
[SourceVersion "1"]
[SourceVersionDate "2008.05.06"]
[SourceQuality "1"]

1. d4 Nf6 2. Nf3 g6 3. g3 Bg7 4. Bg2 O-O 5. O-O d5 6. c4 dxc4 7. Na3 c3 8. bxc3
c5 9. e3 Nc6 10. Qe2 Nd5 11. Bb2 Nb6 12. Rfd1 Na4 13. Qc2 Nxb2 14. Qxb2 Rb8 15.
dxc5 Qa5 16. Nd4 Bg4 17. f3 Bd7 18. Nb3 Qc7 19. Nb5 Qc8 20. f4 Rd8 21. N5d4 Qc7
22. Nb5 Qc8 23. N5d4 Qc7 1/2-1/2